Central Library OPAC University of Rajshahi

A Study on traveling wave solutions of Nonlinear Evolution Equations through some analytical Methods / (Record no. 75632)

MARC details
000 -LEADER
fixed length control field 00953ntm a2200253 a 4500
001 - CONTROL NUMBER
control field 75632
003 - CONTROL NUMBER IDENTIFIER
rucl marc code BD-RjUL
005 - DATE AND TIME OF LATEST TRANSACTION
control field 20211209082723.0
008 - FIXED-LENGTH DATA ELEMENTS--GENERAL INFORMATION
fixed length control field 190505s2017 bg a|||| bm|| 00| 0 eng d
035 ## - SYSTEM CONTROL NUMBER
System control number (BD-RjUL)75850
040 ## - CATALOGING SOURCE
Original cataloging agency BD-RjUL
Language of cataloging eng
Transcribing agency BD-RjUL
Modifying agency BD-RjUL
041 ## - LANGUAGE CODE
Language code of text/sound track or separate title eng
082 ## - DEWEY DECIMAL CLASSIFICATION NUMBER
Edition number 23
Classification number 515.353
Author mark and year AKS 2017
100 1# - MAIN ENTRY--PERSONAL NAME
Personal name Akter, Jesmin
9 (RLIN) 231528
245 10 - TITLE STATEMENT
Title A Study on traveling wave solutions of Nonlinear Evolution Equations through some analytical Methods /
Statement of responsibility, etc. by Jesmin Akter ;
Linkage Supervisor: Md. Ali Akbar
260 ## - PUBLICATION, DISTRIBUTION, ETC. (IMPRINT)
Place of publication, distribution, etc. Rajshahi :
Name of publisher, distributor, etc. Department Applied Mathematics, R. U. ,
Date of publication, distribution, etc. 2017
300 ## - PHYSICAL DESCRIPTION
Pagination xi, 110 leaves :
Illustrations Ill. ;
Size 30 cm.
502 ## - DISSERTATION NOTE
Dissertation note Thesis (Ph. D.) -- Department Applied Mathematics, R. U. , 2017
504 ## - BIBLIOGRAPHY, ETC. NOTE
Bibliography, etc References: Leaves 88-110
650 ## - SUBJECT ADDED ENTRY--TOPICAL TERM
Topical term or geographic name as entry element Differential equations, Nonlinear
9 (RLIN) 231529
Topical term or geographic name as entry element Evolution equations, Nonlinear
9 (RLIN) 231530
700 ## - ADDED ENTRY--PERSONAL NAME
Personal name Akbar, Md. Ali, Supervisor
942 ## - ADDED ENTRY ELEMENTS (KOHA)
Source of classification or shelving scheme Dewey Decimal Classification
Koha item type Theses
Holdings
Lost status Source of classification or shelving scheme Damaged status Not for loan Collection code Permanent Location Current Location Shelving location Date acquired Source of acquisition Total Checkouts Full call number Date last seen Copy number Koha item type
  Dewey Decimal Classification   Not For Loan Theses Central Library, University of Rajshahi Central Library, University of Rajshahi Documentation Section 16/05/2018 Controller of Examination Office, R. U.   THE 515.353 AKS 2017 05/05/2019 C-1 Theses